| 000 | 00797nam a2200253 4500 | ||
|---|---|---|---|
| 001 | 47449 | ||
| 003 | ES-MaACL | ||
| 005 | 20260302142354.0 | ||
| 007 | t| | ||
| 008 | 030428s2001 sp ||||0| spa j | ||
| 020 | _a84-95379-37-6 | ||
| 080 | _a338.45(460)"18/19":655.4 | ||
| 245 | 0 | 0 |
_aHistoria de la edición en España (1836-1936) / _cJesús A. Martínez Martín (dir.). |
| 250 | _a1ª ed. | ||
| 260 |
_aMadrid : _bMarcial Pons, Historia, _c2001. |
||
| 300 |
_a527 p. ; _c23 cm. |
||
| 504 | _aBibliografía: p. [485]-508. | ||
| 650 | 1 | 4 |
_aEdición- _zEspaña. _9147433 |
| 650 | 4 |
_aEdición- _zEspaña- _yS.XIX. _9147434 |
|
| 650 | 4 |
_aEdición- _zEspaña- _yS.XX. _912053 |
|
| 700 | 0 |
_aMartínez Martín, Jesús A. _d1958- _978202 |
|
| 852 |
_aES-MaACL _jL-26256 |
||
| 999 |
_c47449 _d47449 |
||